000 00296nam a22001337a 4500
008 170821b xxu||||| |||| 00| 0 eng d
020 _a9780534115746
041 _aeng
080 _a51
100 _a97
101 _aMAT
245 _aELEMENTARY LINEAR ALGEBRA
_cGERBER.H
942 _2udc
_cBK
999 _c24176
_d24176